[Event "HUN-chT4 2223"]
[Site "Gyor"]
[Date "2023.03.19"]
[Round "6"]
[White "Dobroczy, Viktor"]
[Black "Balint, Laszlo"]
[Result "1-0"]
[WhiteElo "1838"]
[BlackElo "1532"]
[PlyCount "41"]
[EventDate "2022.10.09"]
[EventType "team-tourn"]
[EventRounds "7"]
[EventCountry "HUN"]
[SourceTitle "EXT 2024"]
[Source "ChessBase"]
[SourceDate "2023.10.10"]
[SourceVersion "1"]
[SourceVersionDate "2023.10.10"]
[SourceQuality "1"]
[WhiteTeam "Feher Lo Semmovar"]
[BlackTeam "Level KSE"]
[WhiteTeamCountry "HUN"]
[BlackTeamCountry "HUN"]

1. d4 d5 2. Bf4 Nf6 3. Nf3 e6 4. e3 c5 5. c3 Nc6 6. Nbd2 Be7 7. Bd3 h6 8. Ne5 Nd7 9. Ndf3 Qb6 10. Qc2 0-0 11. g4 Ndxe5 12. dxe5 c4 13. Bh7+ Kh8 14. h4 Qd8 15. 0-0-0 g6 16. Bxg6 fxg6 17. Qxg6 Qe8 18. Qxh6+ Kg8 19. Ng5 Rf7 20. Qg6+ Kf8 21. Nxe6+ 1-0

[Event "HUN-chT4 2223"]
[Site "Gyor"]
[Date "2022.10.09"]
[Round "1"]
[White "Dobroczy, Viktor"]
[Black "Bokrossy, Bela"]
[Result "1-0"]
[WhiteElo "1838"]
[BlackElo "1535"]
[PlyCount "39"]
[EventDate "2022.10.09"]
[EventType "team-tourn"]
[EventRounds "7"]
[EventCountry "HUN"]
[SourceTitle "EXT 2024"]
[Source "ChessBase"]
[SourceDate "2023.10.10"]
[SourceVersion "1"]
[SourceVersionDate "2023.10.10"]
[SourceQuality "1"]
[WhiteTeam "Feher Lo Semmovar"]
[BlackTeam "Fertoszentmiklos"]
[WhiteTeamCountry "HUN"]
[BlackTeamCountry "HUN"]

1. d4 d5 2. Bf4 e6 3. e3 Bd6 4. Bg3 Bxg3 5. hxg3 Bd7 6. c3 Nf6 7. Nf3 Nc6 8. Bd3 Qe7 9. Nbd2 0-0-0 10. b4 e5 11. b5 e4 12. bxc6 Bxc6 13. Ne5 exd3 14. Nxc6 bxc6 15. Nb3 Ne4 16. Qxd3 h6 17. f3 Nd6 18. Qa6+ Kb8 19. Nc5 Qxe3+ 20. Kf1 1-0

[Event "HUN-chT2 Erkel 1415"]
[Site "Hungary"]
[Date "2014.12.14"]
[Round "6.11"]
[White "Dobroczy, Viktor"]
[Black "Czako, Patrik"]
[Result "1/2-1/2"]
[WhiteElo "1885"]
[BlackElo "1730"]
[PlyCount "109"]
[EventDate "2014.09.28"]
[EventType "team-tourn"]
[EventRounds "9"]
[EventCountry "HUN"]
[SourceTitle "EXT 2016"]
[Source "ChessBase"]
[SourceDate "2015.10.08"]
[SourceVersion "1"]
[SourceVersionDate "2015.10.08"]
[SourceQuality "1"]
[WhiteTeam "Andornaktalya"]
[BlackTeam "Matra"]
[WhiteTeamCountry "HUN"]
[BlackTeamCountry "HUN"]

1. d4 d5 2. Bf4 Nf6 3. Nf3 Nbd7 4. e3 e6 5. Nbd2 Be7 6. c3 0-0 7. Bd3 Re8 8. Ne5 Nxe5 9. dxe5 Nd7 10. Qh5 Nf8 11. Nf3 c5 12. Ng5 Bxg5 13. Qxg5 Qxg5 14. Bxg5 Ng6 15. Bb5 Rf8 16. Bf4 Rd8 17. 0-0-0 Bd7 18. Be2 Bc6 19. Bf3 Rac8 20. Kb1 Nxf4 21. exf4 d4 22. Bxc6 Rxc6 23. cxd4 cxd4 24. Rd3 Rc5 25. Rc1 Rxc1+ 26. Kxc1 f6 27. Kd2 Kf7 28. Rb3 b6 29. Kd3 Kg6 30. g3 Kf5 31. Rb5 Kg4 32. exf6 gxf6 33. a4 Kf3 34. Rh5 Rd7 35. Rh6 Rf7 36. Kxd4 Kxf2 37. Ke4 Ke2 38. g4 Kd2 39. g5 fxg5 40. fxg5 Rg7 41. h4 Kc2 42. Rxe6 Kxb2 43. Kf5 Rc7 44. Re4 Kb3 45. h5 a5 46. g6 Rc5+ 47. Re5 hxg6+ 48. hxg6 Rc1 49. Rb5+ Kxa4 50. Rxb6 Rf1+ 51. Ke6 Re1+ 52. Kf7 Rf1+ 53. Rf6 Rg1 54. g7 Rxg7+ 55. Kxg7 1/2-1/2

[Event "HUN-chT2 Erkel 1213"]
[Site "Hungary"]
[Date "2013.03.24"]
[Round "9.11"]
[White "Horvath, Attila Bela"]
[Black "Dobroczy, Viktor"]
[Result "1/2-1/2"]
[WhiteElo "1910"]
[BlackElo "1928"]
[PlyCount "29"]
[EventDate "2012.09.16"]
[EventType "team-tourn"]
[EventRounds "11"]
[EventCountry "HUN"]
[SourceTitle "EXT 2014"]
[Source "ChessBase"]
[SourceDate "2013.11.20"]
[SourceVersion "1"]
[SourceVersionDate "2013.11.20"]
[SourceQuality "1"]
[WhiteTeam "Barcza"]
[BlackTeam "Matra"]
[WhiteTeamCountry "HUN"]
[BlackTeamCountry "HUN"]

1. d4 d5 2. Bf4 c6 3. c3 Nf6 4. e3 Bf5 5. Nf3 e6 6. Nbd2 Bd6 7. Ne5 Qc7 8. Be2 Nbd7 9. Ndf3 h6 10. h4 Be4 11. Nxd7 Nxd7 12. Bxd6 Qxd6 13. Bd3 Bxd3 14. Qxd3 Rc8 15. b4 1/2-1/2

[Event "Eger Osz op"]
[Site "Eger"]
[Date "2009.10.25"]
[Round "6"]
[White "Engel, Tibor"]
[Black "Dobroczy, Viktor"]
[Result "0-1"]
[WhiteElo "1823"]
[BlackElo "1909"]
[PlyCount "138"]
[EventDate "2009.10.22"]
[EventType "swiss"]
[EventRounds "7"]
[EventCountry "HUN"]
[SourceTitle "EXT 2011"]
[Source "ChessBase"]
[SourceDate "2010.11.26"]
[SourceVersion "1"]
[SourceVersionDate "2010.11.26"]
[SourceQuality "1"]

1. d4 d6 2. Nf3 Nf6 3. e3 g6 4. Be2 Bg7 5. c3 c6 6. Nbd2 Nbd7 7. 0-0 0-0 8. b3 Qc7 9. Bb2 e5 10. dxe5 Nxe5 11. Nxe5 dxe5 12. Qc2 Kh8 13. Rad1 Ng4 14. h3 Nh6 15. Ba3 Re8 16. Ne4 Bf5 17. Bd3 Bxe4 18. Bxe4 f5 19. Bd3 Qa5 20. Bc1 e4 21. Be2 Rad8 22. b4 Qe5 23. Bb2 c5 24. Rb1 Re7 25. c4 Qc7 26. Bxg7+ Rxg7 27. Qc3 Kg8 28. bxc5 Qxc5 29. Rfd1 Rf8 30. Rd5 Qc7 31. c5 f4 32. Bc4 Kh8 33. Rbd1 fxe3 34. Qxe3 Nf5 35. Qxe4 Re7 36. Qd3 h5 37. Rd7 Rxd7 38. Qxd7 Qxc5 39. Be6 Ng7 40. Rf1 Nxe6 41. Qxe6 Qf5 42. Qe3 b6 43. Rc1 Qf4 44. Qe1 Kg7 45. Rd1 Rf7 46. Qc3+ Qf6 47. Qc2 Qe5 48. Rf1 Rf5 49. Qa4 Qa5 50. Qb3 Qd5 51. Qc2 Rg5 52. f4 Qc5+ 53. Rf2 Qxc2 54. Rxc2 Ra5 55. Kf2 Kf6 56. g4 hxg4 57. hxg4 Ra3 58. Rc6+ Kg7 59. Rc7+ Kh6 60. Rc2 b5 61. Rb2 a6 62. Re2 b4 63. Ke1 Rg3 64. g5+ Kh5 65. Rh2+ Kg4 66. Rh6 Kf5 67. Rh2 Kxf4 68. Rd2 Rxg5 69. Rd4+ Ke3 0-1

[Event "Eger Osz op"]
[Site "Eger"]
[Date "2009.10.24"]
[Round "5"]
[White "Dobroczy, Viktor"]
[Black "Muller, Wilhelm"]
[Result "1/2-1/2"]
[WhiteElo "1909"]
[BlackElo "2030"]
[PlyCount "119"]
[EventDate "2009.10.22"]
[EventType "swiss"]
[EventRounds "7"]
[EventCountry "HUN"]
[SourceTitle "EXT 2011"]
[Source "ChessBase"]
[SourceDate "2010.11.26"]
[SourceVersion "1"]
[SourceVersionDate "2010.11.26"]
[SourceQuality "1"]

1. d4 Nf6 2. Nf3 e6 3. Bf4 c5 4. e3 Qb6 5. b3 Nc6 6. c3 d5 7. Qc2 Bd7 8. Be2 Ne4 9. Nbd2 Nxd2 10. Qxd2 Rc8 11. 0-0 Be7 12. Bd3 h6 13. Rac1 f5 14. Ne5 Nxe5 15. dxe5 c4 16. bxc4 dxc4 17. Be2 Qc7 18. Bh5+ Kf8 19. Qe2 g5 20. Bg3 Ba4 21. f4 Rd8 22. e4 g4 23. Bxg4 fxg4 24. Qxg4 h5 25. Qg6 Bc5+ 26. Kh1 Qf7 27. f5 Qxg6 28. fxg6+ Kg7 29. Bh4 Bc6 30. Rf7+ Kh6 31. g7 Rhg8 32. Bxd8 Rxd8 33. Rcf1 Rg8 34. R1f6+ Kh7 35. Rxe6 Bxe4 36. Rd6 Rxg7 37. Rdd7 Rxf7 38. Rxf7+ Kg6 39. Rf6+ Kg7 40. Rf1 Bg6 41. e6 a6 42. h3 b5 43. g4 hxg4 44. hxg4 Be7 45. Kg2 Bf6 46. e7 Bxe7 47. Kf2 Bf6 48. Rc1 Bd3 49. Kf3 Kg6 50. Re1 a5 51. Re6 Kf7 52. Rb6 b4 53. cxb4 axb4 54. Rxb4 c3 55. Rb7+ Kg6 56. Rc7 Bb1 57. a4 Bd4 58. Ke2 Be4 59. Rc4 c2 60. Kd2 1/2-1/2

[Event "Eger Osz op"]
[Site "Eger"]
[Date "2009.10.23"]
[Round "3"]
[White "Dobroczy, Viktor"]
[Black "Hajnal, Gyula"]
[Result "0-1"]
[WhiteElo "1909"]
[BlackElo "2065"]
[PlyCount "62"]
[EventDate "2009.10.22"]
[EventType "swiss"]
[EventRounds "7"]
[EventCountry "HUN"]
[SourceTitle "EXT 2011"]
[Source "ChessBase"]
[SourceDate "2010.11.26"]
[SourceVersion "1"]
[SourceVersionDate "2010.11.26"]
[SourceQuality "1"]

1. d4 d5 2. Nf3 Nf6 3. Bf4 Nbd7 4. e3 e6 5. Bd3 c5 6. c3 Be7 7. Nbd2 0-0 8. Ne5 h6 9. g4 Nxe5 10. dxe5 Nd7 11. Qf3 f6 12. exf6 Bxf6 13. Qh3 e5 14. Bxh6 e4 15. Nxe4 dxe4 16. Bc4+ Rf7 17. Qh5 Ne5 18. Bxf7+ Nxf7 19. Bf4 Be6 20. h4 Qa5 21. 0-0 Qd8 22. g5 Ne5 23. Rad1 Qc8 24. gxf6 Nf3+ 25. Kh1 Bf7 26. Rd8+ Qxd8 27. Qg4 Qxf6 28. Bg5 Qg6 29. Rd1 Re8 30. Kg2 Be6 31. Qg3 Qf5 0-1

[Event "Eger Osz op"]
[Site "Eger"]
[Date "2009.10.23"]
[Round "2"]
[White "Dobroczy, Viktor"]
[Black "Peczely, Sebastian Zsombor"]
[Result "1-0"]
[WhiteElo "1909"]
[BlackElo "1554"]
[PlyCount "69"]
[EventDate "2009.10.22"]
[EventType "swiss"]
[EventRounds "7"]
[EventCountry "HUN"]
[SourceTitle "EXT 2011"]
[Source "ChessBase"]
[SourceDate "2010.11.26"]
[SourceVersion "1"]
[SourceVersionDate "2010.11.26"]
[SourceQuality "1"]

1. d4 d5 2. Nf3 Nf6 3. Bf4 c6 4. e3 e6 5. Bd3 Nbd7 6. c3 Qb6 7. Qc2 c5 8. Nbd2 c4 9. Be2 Be7 10. Ne5 0-0 11. g4 Nxe5 12. dxe5 Ne8 13. h4 f6 14. Nf3 Qd8 15. g5 f5 16. Nd4 Bd7 17. 0-0-0 b5 18. Rdg1 b4 19. Qd2 bxc3 20. bxc3 Ba3+ 21. Kd1 Ba4+ 22. Ke1 Rb8 23. Bd1 Bd7 24. g6 h6 25. e4 Rb2 26. Qe3 h5 27. exd5 Nc7 28. Qf3 Nxd5 29. Qxh5 Nf6 30. exf6 Rxf6 31. Qh7+ Kf8 32. Qh8+ Ke7 33. Qxg7+ Ke8 34. Qh8+ Rf8 35. g7 1-0

[Event "Eger Agria op"]
[Site "Eger"]
[Date "2009.07.23"]
[Round "3"]
[White "Karolyfalvi, Zoltan"]
[Black "Dobroczy, Viktor"]
[Result "1-0"]
[WhiteElo "2112"]
[BlackElo "1914"]
[PlyCount "49"]
[EventDate "2009.07.22"]
[EventType "swiss"]
[EventRounds "7"]
[EventCountry "HUN"]
[SourceTitle "EXT 2011"]
[Source "ChessBase"]
[SourceDate "2010.11.26"]
[SourceVersion "1"]
[SourceVersionDate "2010.11.26"]
[SourceQuality "1"]

1. d4 d6 2. e4 Nf6 3. Nc3 c6 4. Nf3 Bg4 5. Be2 g6 6. 0-0 Bg7 7. Be3 0-0 8. h3 Bxf3 9. Bxf3 Nbd7 10. Qd2 Re8 11. a4 a6 12. b4 b5 13. axb5 axb5 14. e5 dxe5 15. Bxc6 Rxa1 16. Rxa1 Qc7 17. d5 Rb8 18. Nxb5 Qd8 19. c4 Nb6 20. Qa2 Nfd7 21. c5 Nc8 22. Qa5 Qxa5 23. Rxa5 Nf6 24. Ra8 Rxa8 25. Bxa8 1-0

[Event "Eger Tavasz op"]
[Site "Eger"]
[Date "2009.05.31"]
[Round "5"]
[White "Dobroczy, Viktor"]
[Black "Bognar, Bence"]
[Result "0-1"]
[WhiteElo "1863"]
[BlackElo "1999"]
[PlyCount "66"]
[EventDate "2009.05.29"]
[EventType "swiss"]
[EventRounds "7"]
[EventCountry "HUN"]
[SourceTitle "EXT 2011"]
[Source "ChessBase"]
[SourceDate "2010.11.26"]
[SourceVersion "1"]
[SourceVersionDate "2010.11.26"]
[SourceQuality "1"]

1. d4 Nf6 2. Nf3 g6 3. Bf4 Bg7 4. e3 d6 5. Be2 0-0 6. Nbd2 Nbd7 7. h4 Nd5 8. Bg3 e5 9. dxe5 Nxe5 10. Nxe5 dxe5 11. c3 f5 12. Qb3 Kh8 13. 0-0-0 f4 14. exf4 exf4 15. Bh2 Be6 16. Bc4 c6 17. Nf3 b5 18. Bd3 Qa5 19. Qc2 Qxa2 20. h5 Nb6 21. h6 Bxh6 22. Nd4 f3+ 23. Rd2 Qa1+ 24. Qb1 Qxb1+ 25. Kxb1 Bxd2 26. Nxe6 fxg2 27. Rd1 Rxf2 28. Bg1 Be3 29. Re1 Nc4 30. Ka1 Re8 31. b3 Nb2 32. Be2 Rxe6 33. Kxb2 Bb6 0-1

[Event "Eger Tel op"]
[Site "Eger"]
[Date "2009.01.29"]
[Round "1"]
[White "Varga, Mihaly"]
[Black "Dobroczy, Viktor"]
[Result "1/2-1/2"]
[WhiteElo "1774"]
[BlackElo "1793"]
[PlyCount "33"]
[EventDate "2009.01.29"]
[EventType "swiss"]
[EventRounds "7"]
[EventCountry "HUN"]
[SourceTitle "EXT 2011"]
[Source "ChessBase"]
[SourceDate "2010.11.26"]
[SourceVersion "1"]
[SourceVersionDate "2010.11.26"]
[SourceQuality "1"]

1. c4 e5 2. Nc3 Nf6 3. Nf3 Nc6 4. d3 Bb4 5. Bd2 0-0 6. g3 d5 7. cxd5 Nxd5 8. Bg2 Bxc3 9. bxc3 Bg4 10. 0-0 Nf6 11. Qc2 Re8 12. Rab1 Rb8 13. Rfe1 e4 14. Ng5 exd3 15. exd3 Rxe1+ 16. Bxe1 h6 17. Qb3 1/2-1/2